000 00529nam a2200205Ia 4500
005 20250923144720.0
008 008 250917s9999 xx 000 0 eng d
037 _aTextual
040 _aDSWL
_beng
_cDSWL
041 _aeng
_2eng
084 _qDSWL
100 _aMeyer
_9827665
245 3 _aAn experiment in mental patient rehabilitation
_cby Meyer
260 _aNew York
_bRussel Sage Foundation
_c1959
300 _a114p.
365 _aUSD
_b2.5
925 _g2.5
942 _cTEXL
999 _c1442414
_d1442414